Teoría romántica del cante flamenco / (Record no. 7404)
[ view plain ]
| 000 -LEADER | |
|---|---|
| campo de control de longitud fija | 01346nam a2200289 i 4500 |
| 001 - NÚMERO DE CONTROL | |
| campo de control | 7404 |
| 003 - IDENTIFICADOR DE NÚMERO DE CONTROL | |
| campo de control | ES-MaACL |
| 005 - FECHA Y HORA DE LA ÚLTIMA TRANSACCIÓN | |
| campo de control | 20250805063219.0 |
| 007 - CAMPO FIJO DE DESCRIPCIÓN FÍSICA--INFORMACIÓN GENERAL | |
| campo de control de longitud fija | t| |
| 008 - DATOS DE LONGITUD FIJA--INFORMACIÓN GENERAL | |
| campo de control de longitud fija | 901219s1976 sp ||||1| spa d |
| 017 ## - NÚMERO DE COPYRIGHT O DE DEPÓSITO LEGAL | |
| Número de copyright o de depósito legal | M 34526-1976 |
| Agencia que asigna | Oficina Depósito Legal Madrid |
| 020 ## - NÚMERO INTERNACIONAL ESTÁNDAR DEL LIBRO | |
| Número Internacional Estándar del Libro | 84-276-0357-6 |
| 080 ## - NÚMERO DE LA CLASIFICACIÓN DECIMAL UNIVERSAL | |
| Número de la Clasificación Decimal Universal | 398.8(468.1)(04) |
| 100 1# - ENTRADA PRINCIPAL--NOMBRE DE PERSONA | |
| Nombre de persona | Lavaur, Luis, |
| Fechas asociadas al nombre | 1917- |
| Término indicativo de función/relación | Autor |
| 9 (RLIN) | 70695 |
| 245 10 - MENCIÓN DEL TÍTULO | |
| Título | Teoría romántica del cante flamenco / |
| Mención de responsabilidad, etc. | Luis Lavaur |
| 260 ## - PUBLICACIÓN, DISTRIBUCIÓN, ETC. | |
| Lugar de publicación, distribución, etc. | Madrid : |
| Nombre del editor, distribuidor, etc. | Editora Nacional, |
| Fecha de publicación, distribución, etc. | [1976] |
| 300 ## - DESCRIPCIÓN FÍSICA | |
| Extensión | 219 páginas ; |
| Dimensiones | 18 cm |
| 490 1# - MENCIÓN DE SERIE | |
| Mención de serie | Libros de bolsillo (Editora Nacional) |
| RLIN | 241563 |
| 520 ## - RESUMEN, ETC. | |
| Sumario, etc. | Lavaur defiende en esta obra la tesis del carácter moderno, urbano y gitanista del cante y baile flamenco, de la paradoja de su "nacimiento" a caballo ente la taberna y la ópera italianizante de la época, entre los colmaos y los escenarios de los teatros parisinos. Desvela buena parte del origen "terrestre" del género gitano-andaluz al anticiparse a los resultados de los más recientes investigadores del flamenco |
| 650 #7 - PUNTO DE ACCESO ADICIONAL DE MATERIA--TÉRMINO DE MATERIA | |
| Término de materia o nombre geográfico como elemento de entrada | Cante flamenco |
| Fuente del encabezamiento o término | embne |
| 9 (RLIN) | 10750 |
| 650 #7 - PUNTO DE ACCESO ADICIONAL DE MATERIA--TÉRMINO DE MATERIA | |
| Término de materia o nombre geográfico como elemento de entrada | Baile flamenco |
| Fuente del encabezamiento o término | embne |
| 9 (RLIN) | 169594 |
| 830 #0 - PUNTO DE ACCESO ADICIONAL DE SERIE-TÍTULO UNIFORME | |
| Título uniforme | Libros de bolsillo (Editora Nacional) |
| 9 (RLIN) | 241563 |
| 852 ## - LOCALIZACIÓN | |
| Ubicación | ES-MaACL |
| Sublocalización o colección | R.118692 |
| Ubicación en estantería | Depósito 2 |
| Número de control de estantería | L-14688 |
| 942 ## - ELEMENTOS DE ENTRADA SECUNDARIOS (KOHA) | |
| Fuente del sistema de clasificación o colocación | Clasificación decimal universal |
| Tipo de ítem Koha | Libro impreso |
| Suprimir en OPAC | No |
| Estatus retirado | Estado de pérdida | Estado de daño | No para préstamo | Biblioteca de origen | Biblioteca actual | Ubicación en estantería | Fecha de adquisición | Fuente de adquisición | Total de préstamos | Signatura topográfica completa | Código de barras | Visto por última vez | Precio de reemplazo | Tipo de ítem Koha |
|---|---|---|---|---|---|---|---|---|---|---|---|---|---|---|
| Biblioteca del Ateneo de Madrid | Biblioteca del Ateneo de Madrid | Depósito 2 | 17/01/2008 | L-14688 | 1007551 | 23/02/2023 | 23/02/2023 | Libro impreso |
